00502nam a22001697a 450000500170000001000150001702000260003203500140005803700090007208200080008110000240008924500490011326000350016227000500019730000200024750000650026720241001142358.0 aENG-141719 a9789351342977c800.00 aEN-125251 bDBAD a658 aChoudhury, Arup Roy aManagement By Idiots/cBy Arup Roy Choudhury aNew DelhibMc Graw Hill,c2013 aP-24, Green Park ExtensionbNew Delhie110016 a116p.b22cm(pb) aDon't Let Schooling Interfere with Your Education-Mark Twain